000 00381nam a2200145Ia 4500
008 240112s1967 FEB xx 000 0 und d
022 _a54-6097
041 _aeng
082 _a618.92705
100 _aMICHENER W.M.
245 _aTHE PEDIATRIC CLINICS OF NORTH AMERICA: GASTROINTESTIONAL DISORDERS
260 _bSAUNDERS
_c1967 FEB
300 _a297,HB
_c1
440 _v14
999 _c1141526
_d1141526